[Event "BL 2018-19"]
[Site "Berlin"]
[Date "2019.03.02"]
[Round "10.4"]
[White "Fedoseev, Vladimir"]
[Black "Aronian, Levon"]
[Result "1/2-1/2"]
[WhiteElo "2714"]
[BlackElo "2761"]
[Annotator "TA"]
[PlyCount "42"]
[EventDate "2018.11.10"]
[EventType "team-tourn"]
[EventCountry "GER"]
[SourceTitle "playchess.com"]
[Source "ChessBase"]
[SourceQuality "1"]
[WhiteTeam "Hockenheim"]
[BlackTeam "Baden-Baden"]

{[%evp 24,42,10,7,28,22,31,17,35,18,33,9,22,27,23,6,12,0,10,-16,-7]} 1. d4 Nf6 2. c4 e6 3. Nf3 d5 4. g3 Be7 5. Bg2 O-O 6. O-O dxc4 7. Qc2 a6 8. a4 Bd7 {[%cal Bc8d7,Bd7c6,Bc6d5][%mdl 32]} 9. Qxc4 Bc6 10. Bf4 Bd6 {E05: Open Catalan: 5 Nf3 Be7} 11. Qc1 Bd5 12. Nc3 Nc6 13. Rd1 {[#] LiveBook: 5 Games} Nb4 $146 ({Predecessor:} 13... Na5 14. Rb1 Bb3 15. Rd3 Bc4 16. Rd1 Bb3 17. Rd3 Bc4 18. Rd1 Bb3 {½-½ (18) Gelfand,B (2701)-Aronian,L (2780) Douglas 2018}) 14. Bg5 Be7 15. Nxd5 exd5 16. a5 Nc6 {[%cal Bb4c6,Bc6a7,Ba7b5][%mdl 32]} 17. Ne5 Na7 $1 18. Nd3 Nb5 19. Ra4 c6 {The position is equal.} 20. Qc2 Re8 21. Bc1 Rc8 {Precision: White = 58%, Black = 45%.} 1/2-1/2

[Event "BL 2018-19"]
[Site "Berlin"]
[Date "2019.03.02"]
[Round "10.4"]
[White "Kempinski, Robert"]
[Black "Hracek, Zbynek"]
[Result "1/2-1/2"]
[WhiteElo "2574"]
[BlackElo "2569"]
[Annotator "ChessBase"]
[PlyCount "52"]
[EventDate "2018.11.10"]
[EventType "team-tourn"]
[EventCountry "GER"]
[SourceTitle "playchess.com"]
[Source "ChessBase"]
[SourceQuality "1"]
[WhiteTeam "Hamburg SK"]
[BlackTeam "Werder Bremen"]
[TimeControl "40/6000+30:3000+30"]

1. d4 {[%emt 0:00:00]} Nf6 {[%emt 0:00:00]} 2. c4 {[%emt 0:00:00]} e6 {[%emt 0:00:00]} 3. Nc3 {[%emt 0:00:11]} d5 {[%emt 0:01:00]} 4. Nf3 {[%emt 0:02:46]} Nbd7 5. Bg5 {[%emt 0:03:43]} h6 {[%emt 0:03:01]} 6. Bh4 {[%emt 0:00:54]} Be7 {[%emt 0:00:33]} 7. e3 {[%emt 0:02:17]} O-O {[%emt 0:00:33]} 8. Rc1 {[%emt 0:04:15]} c5 {[%emt 0:07:04]} 9. dxc5 {[%emt 0:04:11]} dxc4 {[%emt 0:02:58]} 10. Bxc4 {[%emt 0:06:07]} Nxc5 {[%emt 0:00:29]} 11. O-O {[%emt 0:01:07]} a6 {[%emt 0:11:45]} 12. Qc2 {[%emt 0:12:51]} b5 {[%emt 0:06:43]} 13. Be2 {[%emt 0:03:01]} Bb7 {[%emt 0:12:41]} 14. Rfd1 {[%emt 0:01:35]} Qe8 {[%emt 0:06:09]} 15. Bxf6 {[%emt 0:14:45]} Bxf6 {[%emt 0:05:03]} 16. b4 {[%emt 0:18:03]} Na4 {[%emt 0:04:19]} 17. Nxa4 {[%emt 0:00:22]} bxa4 {[%emt 0:00:02]} 18. Nd2 {[%emt 0:05:43]} Rc8 {[%emt 0:08:42]} 19. Qb1 {[%emt 0:00:29]} Rxc1 {[%emt 0:02:26]} 20. Rxc1 {[%emt 0:00:12]} Qa8 {[%emt 0:03:12]} 21. Bf3 {[%emt 0:02:19]} Bxf3 {[%emt 0:02:06]} 22. Nxf3 {[%emt 0:00:48]} Rb8 {[%emt 0:08:31]} 23. h3 {[%emt 0:03:00]} Qd5 {[%emt 0:03:56]} 24. e4 {[%emt 0:07:58]} Qb5 {[%emt 0:01:53]} 25. a3 {[%emt 0:02:39]} a5 {[%emt 0:02:27]} 26. e5 {[%emt 0:02:26]} Bxe5 {[%emt 0:01:48]} 1/2-1/2

[Event "BL 2018-19"]
[Site "Berlin"]
[Date "2019.03.02"]
[Round "10.5"]
[White "Svidler, Peter"]
[Black "Tomashevsky, Evgeny"]
[Result "1/2-1/2"]
[WhiteElo "2736"]
[BlackElo "2705"]
[Annotator "TA"]
[PlyCount "41"]
[EventDate "2018.11.10"]
[EventType "team-tourn"]
[EventCountry "GER"]
[SourceTitle "playchess.com"]
[Source "ChessBase"]
[SourceQuality "1"]
[WhiteTeam "Baden-Baden"]
[BlackTeam "Hockenheim"]

{[%evp 9,41,-4,0,0,0,0,5,-7,0,0,5,0,0,-6,0,0,0,-10,0,-6,0,-12,-5,-10,-6,-10,-7,-15,-5,0,0,-4,0,0]} 1. c4 Nf6 2. Nc3 e5 3. g3 Bb4 4. e4 Bxc3 5. dxc3 d6 {LiveBook: 5 Games. The position is equal.} 6. f3 {A22: English Opening: 1...e5 2 Nc3 Nf6} a5 $146 ({Predecessor:} 6... Be6 7. Nh3 h6 8. Nf2 a5 9. f4 Na6 10. f5 Bd7 11. Bg2 b5 12. cxb5 Bxb5 {1-0 (68) Carlsen,M (2835)-Petrov,N (2593) St Petersburg 2018}) 7. Nh3 {[%cal Bg1h3,Bh3f2,Bf2d1,Bd1e3][%mdl 32]} Na6 8. Nf2 Nc5 9. Be2 Qe7 10. Qc2 O-O 11. Nd1 Be6 12. Ne3 c6 13. O-O d5 14. cxd5 cxd5 15. exd5 Nxd5 16. Nxd5 Bxd5 17. Be3 e4 18. Bd4 Ne6 19. Be3 Nc5 {[#] Hoping for ...exf3.} 20. Bd4 Ne6 21. Be3 {Precision: White = 72%, Black = 47%.} 1/2-1/2

[Event "BL 2018-19"]
[Site "Berlin"]
[Date "2019.03.02"]
[Round "10.5"]
[White "Babula, Vlastimil"]
[Black "Lampert, Jonas"]
[Result "1/2-1/2"]
[WhiteElo "2538"]
[BlackElo "2547"]
[Annotator "TA"]
[PlyCount "54"]
[EventDate "2018.11.10"]
[EventType "team-tourn"]
[EventCountry "GER"]
[SourceTitle "playchess.com"]
[Source "ChessBase"]
[SourceQuality "1"]
[WhiteTeam "Werder Bremen"]
[BlackTeam "Hamburg SK"]

{[%evp 9,54,18,32,18,22,14,23,16,22,15,27,18,16,0,-7,-12,0,-13,-3,-12,0,-21,16,-89,-116,-146,-200,-200,-199,-251,-287,-307,-306,-279,-276,-270,-282,-270,-251,-241,-229,-432,-110,-96,-76,-87,-97]} 1. d4 d5 2. c4 c6 3. Nf3 e6 4. e3 Bd6 5. b3 (5. Nc3 f5 6. g3 Nf6 7. Bg2 b6 8. b3 Ba6 9. Qd3 b5 10. Nd2 bxc4 11. bxc4 Nbd7 12. Qc2 Ne4 13. Ncxe4 dxe4 {½-½ (31) Georgiev,K (2590)-Aronian,L (2780) Batumi 2018}) 5... Nf6 6. Bb2 {D30: Queen's Gambit Declined: Systems without Nc3} b6 7. Bd3 Bb7 8. O-O {White has an edge.} O-O 9. Nbd2 Nbd7 10. Ne5 c5 11. Qc2 cxd4 12. exd4 Rc8 13. Rad1 $146 ({Predecessor:} 13. f4 g6 14. Rae1 Nh5 15. Qd1 dxc4 16. bxc4 Nxf4 17. Nxd7 Qxd7 {0-1 (26) Kadziolka,B (2328)-Zawadzka,J (2391) Warsaw 2010}) 13... Qe7 14. Qb1 Rfd8 15. f4 Nf8 16. h3 (16. Rde1 $11) 16... Nh5 17. f5 {[#]} Bxe5 $1 18. dxe5 dxc4 19. Bxc4 (19. Nxc4 $142 Qg5 20. Be4 Bxe4 21. Qxe4) 19... Bxg2 $19 {Strongly threatening ...Qg5.} 20. f6 Qb7 21. Rf2 Bxh3 22. Be2 {[#] Black must now prevent Bf3.} Nf4 $1 {[%cal Rf4e2][%mdl 512]} 23. Bf3 (23. Rxf4 Qg2#) 23... Qa6 24. Be4 N8g6 25. Kh2 $2 (25. Bxg6 {might work better.} Nxg6 26. Nc4) 25... Bf5 $2 (25... Bg4 $19 {and Black stays clearly on top.} 26. Re1 gxf6 27. Bxg6 Nxg6) 26. Bxf5 $17 exf5 27. Nc4 {Threatens to win with Nd6.} Rxd1 {Accuracy: White = 39%, Black = 55%.} 1/2-1/2

[Event "BL 2018-19"]
[Site "Berlin"]
[Date "2019.03.02"]
[Round "10.6"]
[White "Saric, Ivan"]
[Black "Wojtaszek, Radoslaw"]
[Result "1/2-1/2"]
[WhiteElo "2692"]
[BlackElo "2749"]
[Annotator "TA"]
[PlyCount "62"]
[EventDate "2018.11.10"]
[EventType "team-tourn"]
[EventCountry "GER"]
[SourceTitle "playchess.com"]
[Source "ChessBase"]
[SourceQuality "1"]
[WhiteTeam "Hockenheim"]
[BlackTeam "Baden-Baden"]

{[%evp 18,62,4,0,2,0,22,0,2,0,16,8,0,3,34,33,35,43,35,23,13,5,20,0,0,0,0,0,0,0,0,-122,-107,-100,-115,-108,-106,-113,-6,-68,-71,-78,0,0,0,-60,0]} 1. e4 c5 2. Nf3 d6 3. d4 cxd4 4. Nxd4 Nf6 5. Nc3 a6 6. Be3 Ng4 7. Bc1 Nf6 8. f3 e6 9. Be3 b5 10. a3 {[%cal Ba2a3,Ba3a4][%mdl 32] LiveBook: 26 Games. B80: Sicilian Scheveningen: 6 g3 and 6 Be3, including English Attack} (10. Qd2 Bb7 11. g4 Nfd7 12. O-O-O Nb6 13. Nb3 N8d7 14. Na5 Rb8 15. Bd4 Ba8 16. h4 Qc7 17. g5 b4 18. Nb1 e5 19. Bxb6 Rxb6 20. Nc4 Rc6 21. Ne3 {1-0 (70) Aronian,L (2767)-Nakamura,H (2777) Saint Louis 2018}) 10... h5 11. Be2 Nbd7 $146 ({Predecessor:} 11... Bb7 12. Qd2 Nbd7 13. O-O Ne5 14. b4 d5 15. f4 Nc4 16. Bxc4 dxc4 {½-½ (28) Andeer,S (2474)-Gnutov,Y (2479) ICCF email 2014}) 12. O-O {The position is equal.} Bb7 13. Qe1 Be7 14. a4 b4 15. Na2 a5 16. c3 bxc3 17. Nxc3 O-O 18. Qg3 d5 {[%cal Rd5e4,Bd6d5,Bd5d4,Bd4c3][%mdl 32]} 19. Rad1 h4 20. Qh3 Bc5 $1 ({Don't play} 20... dxe4 $6 21. Nxe4 Nxe4 22. fxe4 $14) 21. Kh1 e5 22. Nf5 {Threatens to win with Bg5.} Bxe3 23. Nxe3 {[%cal Re4d5]} d4 $36 {[%mdl 2048] Black has good play.} 24. Nf5 (24. f4 $1 $11 {was the only way to keep the balance.}) 24... dxc3 $17 25. Qxh4 Ba6 $1 {[%cal Ra6e2]} ({Reject} 25... cxb2 $6 26. Rxd7 $1 {[%mdl 512]} Qxd7 27. Qg5 $11) 26. Bxa6 Rxa6 27. bxc3 {[#]} g6 (27... Re8 $1 $17 {And now ...Qc7 would win.} 28. g4 Nh7 29. Qxd8 Rxd8) 28. Nh6+ ({White should play} 28. g4 $1 $11) 28... Kg7 $15 {[#]} 29. Nf5+ $1 {[%mdl 512]} Kg8 (29... gxf5 $5 30. Qg5+ $8 Kh7 31. Qxf5+ Kh8 32. Qh3+ Nh7 33. Rxd7 Qc8 $15) 30. Nh6+ Kg7 {[#]} 31. Nf5+ $1 {[%mdl 512]} Kg8 {Precision: White = 69%, Black = 53%.} (31... gxf5 $15 32. Qg5+ Kh7 33. Qxf5+ Kh8 34. Qh3+ Nh7 35. Rxd7 Qc8) 1/2-1/2

[Event "BL 2018-19"]
[Site "Berlin"]
[Date "2019.03.02"]
[Round "10.6"]
[White "Ernst, Sipke"]
[Black "Werle, Jan"]
[Result "1/2-1/2"]
[WhiteElo "2535"]
[BlackElo "2528"]
[Annotator "TA"]
[PlyCount "128"]
[EventDate "2018.11.10"]
[EventType "team-tourn"]
[EventCountry "GER"]
[SourceTitle "playchess.com"]
[Source "ChessBase"]
[SourceQuality "1"]
[WhiteTeam "Hamburg SK"]
[BlackTeam "Werder Bremen"]

{[%evp 9,128,10,5,5,11,0,-6,-8,-6,-12,-8,-5,0,-8,10,0,18,19,21,17,15,22,25,19,25,9,14,24,17,0,14,14,20,12,14,12,64,45,101,110,101,89,83,87,81,82,82,89,80,82,86,22,16,22,20,0,79,77,108,98,243,237,217,230,213,224,212,157,129,29,74,67,73,76,66,75,75,74,74,69,69,56,63,69,70,67,63,68,138,0,0,0,77,75,70,77,173,157,160,141,154,146,135,135,135,135,135,135,144,155,270,267,363,387,378,367,322,214,196,8,8]} 1. Nf3 d5 2. d4 Nf6 3. Bf4 e6 4. e3 Bd6 5. Nbd2 O-O 6. Bd3 {D02: 1 d4 d5 2 Nf3 sidelines, including 2...Nf6 3 g3 and 2...Nf6 3 Bf4} b6 (6... c5 7. dxc5 Bxc5 8. c4 dxc4 9. Nxc4 Bb4+ 10. Ke2 Be7 11. Rc1 Nc6 12. Qb3 Nh5 13. Bg3 h6 {1-0 (53) Inarkiev,E (2693)-Riazantsev,A (2649) Moscow 2018}) 7. Ne5 c5 8. Qf3 Ba6 9. Bxa6 Nxa6 10. c3 Rc8 $146 ({Predecessor:} 10... Qc7 11. O-O Rac8 12. a4 Nb8 13. Qe2 Nfd7 14. Nxd7 Nxd7 15. Bxd6 {½-½ (15) Prosviriakov,V (2268)-Goessler,M (2154) Graz 2014}) 11. h4 Be7 12. h5 Nd7 13. Qg4 f5 14. Qg3 Nxe5 15. Bxe5 {[%csl Ge5][%cal Rg3g7]} Bf6 16. Nf3 $40 {[%mdl 128] Black needs to defend precisely.} Nb8 17. h6 g6 18. Bxf6 Qxf6 19. Ne5 f4 20. exf4 Qxf4 21. Qxf4 Rxf4 22. O-O Kf8 (22... cxd4 $11 23. cxd4 Rxd4) 23. g3 Re4 (23... Rf5 $14) 24. Nf3 $1 $16 Rg4 25. Kg2 Nd7 26. Rae1 Ke7 27. Re2 Nf6 28. Ne5 Re4 29. Rd2 $1 Rf8 30. f3 (30. Nc6+ $16 Kd7 31. Nxa7) 30... Re3 $11 31. Nc6+ Kd7 32. Ne5+ Kc7 (32... Ke7 $11) 33. Nd3 $1 $16 c4 34. Ne1 g5 (34... a5 $16) 35. Nc2 $18 Rd3 36. Re2 a5 37. Rxe6 b5 38. Re7+ Kd6 39. Re2 (39. Ra7 $16) 39... b4 40. cxb4 axb4 41. Nxb4 Rxd4 42. Rfe1 g4 43. Re6+ Kc5 44. Na6+ Kb5 45. Nc7+ Kc5 $1 46. fxg4 $1 {R6e2 is the strong threat.} Rd2+ 47. R6e2 Rxe2+ 48. Rxe2 $14 {[%mdl 4096] Endgame KRN-KRN} Kd6 (48... Rg8 $14) 49. Ne6 (49. g5 $16) 49... Rg8 $11 50. Ng7 Nxg4 (50... Ne4 $11) 51. Nf5+ $16 Kc5 52. Kf3 $1 {Hoping for Ne7.} Nf6 (52... d4 $16) 53. Re6 Ne4 54. Re7 Rb8 55. Kf4 Rxb2 56. Rxh7 Rh2 57. Rh8 {And now h7 would win.} c3 {[#]} 58. h7 $1 c2 59. Rc8+ Kb4 {[#]} (59... Kb5 $16 {was called for.} 60. Ke5 Rxh7) 60. Ne3 $1 $18 Rxh7 61. Nxd5+ Ka3 62. Kxe4 Kb2 63. Nf4 {Threatens to win with Nd3+.} Re7+ 64. Kd4 $2 (64. Kf3 $18 {aiming for Nd3+.} Rf7 65. Kg2) 64... Rd7+ {Accuracy: White = 71%, Black = 51%.} 1/2-1/2

[Event "BL 2018-19"]
[Site "Berlin"]
[Date "2019.03.02"]
[Round "10.7"]
[White "Rapport, Richard"]
[Black "Ponomariov, Ruslan"]
[Result "1/2-1/2"]
[WhiteElo "2726"]
[BlackElo "2665"]
[Annotator "TA"]
[PlyCount "98"]
[EventDate "2018.11.10"]
[EventType "team-tourn"]
[EventCountry "GER"]
[SourceTitle "playchess.com"]
[Source "ChessBase"]
[SourceQuality "1"]
[WhiteTeam "Baden-Baden"]
[BlackTeam "Hockenheim"]

{[%evp 23,98,35,41,35,36,36,36,35,33,32,36,32,33,29,56,47,45,45,66,51,48,48,49,37,50,46,46,22,37,26,26,15,21,18,20,6,29,29,29,29,29,29,29,29,31,20,25,0,0,0,0,8,8,0,0,0,0,0,0,0,0,0,0,0,3,0,8,0,0,0,0,0,23,23,23,23,23]} 1. c4 c5 2. Nf3 Nc6 3. d4 cxd4 4. Nxd4 Nf6 5. Nc3 g6 6. e4 d6 7. Be2 Bg7 8. Be3 O-O 9. O-O Bd7 10. Qd2 Nxd4 11. Bxd4 Bc6 12. Bd3 a5 13. Rfe1 {B38: Sicilian: Maroczy Bind with 5...Bg7 and 7...0-0} Ng4 {[#]} 14. Be2 $146 ({Predecessor:} 14. Bxg7 Kxg7 15. Be2 Nf6 16. Qd4 e5 17. Qe3 Nd7 18. Rad1 Nc5 19. Rd2 Qe7 20. Bd1 a4 {1-0 (39) Vallejo Pons,F (2660)-Jones,G (2567) Heraklio 2007}) 14... e5 15. Be3 {White is slightly better.} Nxe3 16. Qxe3 Bf6 17. Red1 Bg5 18. Qg3 Bf4 19. Qd3 Qb6 20. Rab1 Rfd8 21. Nd5 (21. g3 {seems wilder.} Bh6 22. b3 Bg7 23. Bf3 h5 24. h4) 21... Bxd5 22. Qxd5 ({Much weaker is} 22. exd5 f5 $11) 22... Bg5 23. g3 Be7 24. Rd3 Qc6 25. Bg4 Kg7 26. Rbd1 h5 27. Bh3 a4 28. Rf3 Rf8 29. c5 (29. Qxc6 {looks sharper.} bxc6 30. c5 Rfd8 31. cxd6 Rxd6 32. Rxd6 Bxd6 33. Bd7) 29... Rad8 (29... Qxc5 {feels hotter.} 30. Qxc5 dxc5 31. Rd7 Bf6 32. Bf1 b6) 30. Qxc6 bxc6 31. cxd6 Rxd6 32. Rxd6 Bxd6 $11 {[%mdl 4096] Endgame KRB-KRB} 33. Rc3 c5 34. Bd7 Rb8 35. Rd3 Be7 36. Bxa4 Rxb2 37. Bb3 Re2 38. Rd7 Kf8 39. Bd5 c4 {[#] Strongly threatening ...c3.} 40. Bxc4 (40. Kf1 {is interesting.} Rxa2 41. Bxc4 Rc2 42. Bd5 g5 43. h3) 40... Rxe4 41. Rc7 h4 42. Kg2 hxg3 43. hxg3 f5 44. a4 Bd8 45. Rf7+ Ke8 46. Be6 Rxa4 47. Rg7 Ra6 48. Rxg6 {[#] Bd7+! is the strong threat.} Ke7 49. Bxf5 Rxg6 {Accuracy: White = 60%, Black = 74%.} 1/2-1/2

[Event "BL 2018-19"]
[Site "Berlin"]
[Date "2019.03.02"]
[Round "10.7"]
[White "Markgraf, Alexander"]
[Black "Rogozenco, Dorian"]
[Result "0-1"]
[WhiteElo "2489"]
[BlackElo "2495"]
[Annotator "RC"]
[PlyCount "104"]
[EventDate "2018.11.10"]
[EventType "team-tourn"]
[EventCountry "GER"]
[SourceTitle "playchess.com"]
[Source "ChessBase"]
[SourceQuality "1"]
[WhiteTeam "Werder Bremen"]
[BlackTeam "Hamburg SK"]
[TimeControl "40/6000+30:3000+30"]

1. e4 {[%emt 0:00:00]} c5 {[%emt 0:00:00]} 2. Nf3 {[%emt 0:00:00]} Nc6 {[%emt 0:00:22]} 3. d4 {[%emt 0:00:00]} cxd4 {[%emt 0:00:09]} 4. Nxd4 {[%emt 0:00:03]} Nf6 {[%emt 0:00:06]} 5. Nc3 {[%emt 0:00:09]} e6 {[%emt 0:00:35]} 6. Ndb5 {[%emt 0:00:56]} d6 {[%emt 0:00:09]} 7. Bf4 {[%emt 0:00:14]} e5 {[%emt 0:00:17]} 8. Bg5 {[%emt 0:00:18]} a6 {[%emt 0:00:25]} 9. Na3 {[%emt 0:00:16]} b5 {[%emt 0:00:13]} 10. Bxf6 gxf6 {[%emt 0:00:08]} 11. Nd5 {[%emt 0:00:58]} f5 {[%emt 0:02:16]} 12. c3 {[%emt 0:03:05]} Bg7 {[%emt 0:00:38]} 13. Bd3 {[%emt 0:00:14]} Be6 {[%emt 0:00:50]} 14. Nxb5 {[%emt 0:00:55]} axb5 {[%emt 0:00:18]} 15. Bxb5 {[%emt 0:00:05]} Bd7 {[%emt 0:00:33]} 16. exf5 {[%emt 0:00:07]} Nb8 {[%emt 0:02:46]} 17. a4 {[%emt 0:03:11]} Bxb5 {[%emt 0:01:51]} 18. axb5 {[%emt 0:00:05]} Rxa1 {[%emt 0:00:11]} 19. Qxa1 {[%emt 0:00:04]} O-O {[%emt 0:00:43]} 20. O-O {[%emt 0:06:43]} Nd7 {[%emt 0:01:07]} 21. Qa7 {[%emt 0:04:13]} e4 {[%emt 0:00:30]} 22. b6 {[%emt 0:32:47]} Be5 {[%emt 0:07:09]} 23. Qc7 {[%emt 0:11:17]} Kg7 {[%emt 0:25:19]} 24. Ra1 {[%emt 0:07:01]} Nf6 {[%emt 0:07:45]} 25. Ne7 {[%emt 0:09:30]} Qd7 {[%emt 0:02:16]} 26. Ra5 {[%emt 0:15:11]} Re8 {[%emt 0:10:43]} 27. Qxd7 {[%emt 0:01:54]} Nxd7 {[%emt 0:00:08]} 28. Nd5 {[%emt 0:00:08]} Rb8 {[%emt 0:12:51]} 29. Rb5 {[%emt 0:01:25]} Rb7 {[%emt 0:11:10]} 30. g3 {[%emt 0:00:55]} Bf6 {[%emt 0:12:55]} 31. b4 {[%emt 0:02:41]} Be5 {[%emt 0:02:45]} 32. c4 {[%emt 0:02:19]} Bd4 {[%emt 0:00:02]} 33. Kg2 {[%emt 0:00:35]} Kf8 {[%emt 0:04:10]} 34. h4 {[%emt 0:01:50]} Ke8 {[%emt 0:00:54]} 35. f3 {[%emt 0:02:19]} e3 {[%emt 0:01:16]} 36. Kf1 {[%emt 0:00:01]} Nxb6 {[%emt 0:03:37]} 37. c5 {[%emt 0:01:22]} Nxd5 {[%emt 0:00:38]} 38. Rxb7 {[%emt 0:00:04]} dxc5 {[%emt 0:00:05]} 39. bxc5 {[%emt 0:00:09]} Bxc5 {[%emt 0:00:08]} 40. Rb5 {[%emt 0:01:36]} e2+ {[%emt 0:01:14]} 41. Ke1 {[%emt 0:50:18]} Bb4+ {[%emt 0:50:41]} 42. Rxb4 {[%emt 0:00:17]} Nxb4 {[%emt 0:00:00]} 43. Kxe2 {[%emt 0:00:00]} Ke7 {[%emt 0:00:00]} 44. Ke3 {[%emt 0:00:00]} Kf6 {[%emt 0:00:00]} 45. Ke4 {[%emt 0:00:00]} Na6 {[%emt 0:00:00]} 46. g4 {[%emt 0:00:00]} Nc5+ {[%emt 0:00:00]} 47. Kf4 {[%emt 0:00:00]} h5 {[%emt 0:00:00]} 48. g5+ {[%emt 0:00:00]} Ke7 {[%emt 0:00:00]} 49. Ke3 {[%emt 0:00:00]} f6 {[%emt 0:00:00]} 50. Kf4 {[%emt 0:00:00]} Nb7 {[%emt 0:00:00]} 51. Ke4 {[%emt 0:00:00]} Nd6+ {[%emt 0:00:00]} 52. Kf4 {[%emt 0:00:00]} Kf7 {[%emt 0:00:00]} 0-1

[Event "BL 2018-19"]
[Site "Berlin"]
[Date "2019.03.02"]
[Round "10.8"]
[White "Howell, David W L"]
[Black "Naiditsch, Arkadij"]
[Result "1/2-1/2"]
[WhiteElo "2693"]
[BlackElo "2736"]
[Annotator "TA"]
[PlyCount "272"]
[EventDate "2018.11.10"]
[EventType "team-tourn"]
[EventCountry "GER"]
[SourceTitle "playchess.com"]
[Source "ChessBase"]
[SourceQuality "1"]
[WhiteTeam "Hockenheim"]
[BlackTeam "Baden-Baden"]

{[%evp 20,272,39,41,28,14,16,0,20,0,0,0,0,0,50,0,0,18,13,0,0,0,0,0,0,-26,-8,-7,-8,-14,-17,-64,-64,-88,-83,-70,-33,-40,-37,-77,-80,-82,-27,-46,0,-82,-74,-93,-91,-138,-115,-151,-154,-155,-155,-156,-115,-115,-102,-188,-174,-170,-163,-156,-153,-170,-161,-175,-158,-177,-173,-166,-161,-150,-158,-146,-150,-150,-130,-127,-94,-91,-100,-161,-114,-199,-90,-131,-41,-52,0,0,0,0,0,0,0,0,0,0,0,0,0,0,0,0,-2,-3,0,0,0,-8,0,-8,-8,-3,56,-71,-11,-12,-11,-37,-37,-64,0,0,0,0,0,0,0,-8,-8,-8,-8,-240,-235,-233,-227,-239,-8,-180,-8,-8,-8,-8,0,-8,-8,-14,-8,-8,-8,-8,-8,-8,-8,-8,-8,-8,-8,-8,-8,-8,-8,-8,-8,-13,-13,-41,-8,-8,-8,-8,-8,-8,-8,-8,-8,-8,-8,-8,-8,-8,-8,-8,-8,-8,-8,-8,-8,-8,-8,-8,-8,-8,-8,-8,-8,-8,-8,-8,-8,-8,-8,-8,-8,-8,-8,-8,-8,-8,-8,-8,-8,-8,-8,-8,-8,-8,-8,-8,-8,-8,-8,-8,-8,-8,-8,-8,-8,-8,-8,-8,-8,-8,0,0,0,0,0,0,0,0,0,0,0,0,0,0,0,0,0,0,0]} 1. Nf3 d5 2. g3 g6 3. Bg2 Bg7 4. d4 Nf6 5. O-O O-O 6. c4 dxc4 7. Na3 c3 8. bxc3 c5 9. Re1 {D77: Fianchetto Grünfeld: 6 0-0: Replies other than 6...c6} Nc6 {[%cal Bb8c6,Bc6b4,Bb4d5][%mdl 32]} 10. Bb2 cxd4 (10... Nd5 11. Qc2 cxd4 12. Nxd4 Nf6 13. Nxc6 bxc6 14. c4 Bf5 15. Qc1 Qc7 16. Nc2 Rab8 {1-0 (39) Mamedyarov,S (2809)-Grischuk,A (2767) Berlin 2018 CBM 184 [Krasenkow,M]}) 11. cxd4 {LiveBook: 7 Games. White is slightly better.} Ne4 12. Qc2 Nd6 13. Ne5 $146 ({Predecessor:} 13. Bc3 Qb6 14. Rab1 Qa6 15. d5 Qxa3 16. Bxg7 Kxg7 17. dxc6 bxc6 {0-1 (69) Kolek,P (2231)-Fischer,D (2294) ICCF email 2015}) 13... Be6 14. e3 Nb4 15. Qd2 a5 16. Bc3 Nd5 (16... f6 $5 {[%cal Rf6e5]} 17. Nd3 Nxd3 18. Qxd3 b5 $11) 17. Bb2 f5 18. Qe2 Nb4 19. Nc2 Bxe5 20. Nxb4 axb4 21. dxe5 Ne4 22. Qb5 Qd2 23. Re2 {[%cal Be1e2,Be2d2,Bd2d4][%mdl 32]} Ra5 24. Rxd2 Rxb5 25. Rd4 Rc8 26. Bf1 Rb6 $1 27. Bd3 Nc3 28. a4 $1 {[%cal Ra4a5] White wants to play a5.} b3 29. a5 Rbc6 30. Rb4 Bd5 (30... R6c7 $17) 31. Kf1 Na2 32. Rb5 (32. Rxb7 $11 {keeps the balance.} Rc5 33. Rb6 (33. Rxe7 Nb4 $15)) 32... Rc5 $17 33. Rxc5 Rxc5 34. Ke2 Nb4 35. Bb1 Nc2 36. Ra4 Bc6 37. Rh4 Rxa5 38. Kd2 Be4 39. Kc3 (39. Bxc2 $17 {is a better defense.} bxc2 40. f3 Bxf3 41. Kxc2) 39... Rc5+ ({Don't play} 39... Rxe5 40. Rxe4 $1 {[%mdl 512]} Rxe4 41. Kxb3 $17) 40. Kxb3 Bd5+ 41. Ka4 b5+ {[%cal Bb7b5,Bb5b4,Bb4b3][%mdl 32]} 42. Ka5 b4+ 43. Kb6 Rc6+ 44. Kb5 {And now Ba2! would win.} b3 $1 45. Ra4 Rc8 $1 46. Ra5 Kf7 47. Ka4 Be6 48. Ra7 Rc4+ 49. Kb5 g5 50. Kb6 Rb4+ 51. Kc5 (51. Ka5 $17 Rc4 52. Kb6) 51... Rb8 $1 $19 52. Rc7 (52. h4 $17) 52... Nb4 (52... g4 $19 53. Ra7 Rd8) 53. Ra7 $17 Nd5 (53... Kf8 $17 54. h4 gxh4 55. gxh4 Nc2) 54. e4 Rc8+ (54... fxe4 $15 55. Bxe4 Nb6) 55. Kd4 $11 Nb4 56. Ke3 $1 Nc2+ 57. Bxc2 $1 bxc2 {[%mdl 4096] Endgame KRB-KRB} 58. Kd2 $1 fxe4 59. Ba3 Bf5 60. Rxe7+ Kg6 61. Ra7 Rc4 62. Ra6+ Kh5 63. Rd6 Ra4 64. Bb2 Kg4 65. e6 $132 {[%mdl 2048] e7 is the strong threat. White is not keeping still} Ra7 66. Bf6 Rc7 67. Kc1 {Threatens to win with e7.} Rb7 ({Better is} 67... e3 $1 $11 68. fxe3 Rb7) 68. Bb2 (68. Kxc2 $14 {was forced to keep a grip.} e3+ 69. Kd1) 68... h5 (68... Kh3 $1 $17) 69. Rc6 Kh3 70. Rc5 Bxe6 {Hoping for ...Bb3.} 71. Kxc2 Kxh2 ({Black should try} 71... Rf7 $1 $15 72. Kc3 Rxf2 73. Rxg5 Bg4) 72. Rxg5 Bg4 73. Bd4 Kg2 74. Re5 Bf3 75. Kc3 Rb1 76. Ra5 Rc1+ 77. Kb3 $2 {[#]} (77. Kd2 $1 $11 Rd1+ 78. Kc3) 77... Bd1+ $1 $19 78. Kb4 {[#]} Rc2 $1 79. Rg5 Rd2 $2 (79... Rxf2 $19 {White must now prevent ...Rf8.} 80. Kc4 (80. Bxf2 $2 Kxf2 81. Kc3 Bg4 $19) 80... Rd2) 80. Be3 $2 (80. Kc3 $1 $11 {and White stays safe.} Rc2+ 81. Kb4) 80... Rd3 $2 ({Black should play} 80... Rxf2 $19 81. Re5 (81. Bxf2 Kxf2 82. Kc3 e3 $19) 81... Ra2) 81. Kc4 Be2 82. Kc5 Bg4 83. Bd4 Rd2 84. Kd5 Bf3 85. Ke5 $1 Rxf2 86. Rxh5 e3 87. Bxe3 Re2 88. Rg5 Rxe3+ $11 {KRB-KR} 89. Kf5 Ra3 90. Rg7 Ra5+ 91. Kf4 Ra4+ 92. Kf5 Kh3 93. Ke5 Bg4 94. Rb7 Kxg3 95. Rb3+ {The position is equal.} Bf3 96. Rb8 Re4+ 97. Kf5 Rd4 98. Rb3 Ra4 99. Rb5 Rh4 {Strongly threatening ...Rh5+.} 100. Re5 Bg4+ 101. Ke4 Rh2 102. Ke3 Ra2 103. Ke4 Kf2 104. Rc5 Bf3+ 105. Ke5 Kg3 106. Rc7 Ra5+ 107. Kd4 Kf2 108. Rc5 Ra8 109. Rc2+ Be2 110. Rc3 Ra4+ 111. Ke5 Ba6 112. Rh3 Ke2 113. Rh8 Bb7 114. Rb8 Be4 115. Kd6 Kd3 116. Rd8 Ra5 117. Ke6+ Ke3 118. Rd1 Bd3 119. Re1+ Kd4 120. Kf6 Ra6+ 121. Re6 Ra1 122. Rd6+ Ke4 123. Ke7 Bc4 124. Rh6 Ra7+ 125. Kf6 $1 Rf7+ 126. Kg6 Rf4 127. Rh1 Bf7+ 128. Kg5 Rf5+ 129. Kg4 Ke5 130. Re1+ Kf6 131. Re3 Bh5+ 132. Kg3 Kg5 133. Ra3 Bg4 134. Rb3 Ra5 135. Rc3 Bf5 136. Kf3 Ra8 {Precision: White = 61%, Black = 68%.} 1/2-1/2